000
00264nam a2200109Ia 4500
008
190906s9999||||xx |||||||||||||| ||und||
100
_a
Shirley Taylor
245
0
_a
Model Business Letters
260
_a
New Jersey
_b
Prentice Hall
_c
1992
300
_a
367
942
_c
BK
999
_c
6107
_d
6107